[Event "Battle of Alberta"]
[Site "Red Deer CAN"]
[Date "2008.09.20"]
[Round "2"]
[White "Hansen, Eric"]
[Black "Porper, Edward"]
[Result "1-0"]
[WhiteElo "2349"]
[BlackElo "2476"]
[PlyCount "72"]
[GameId "2160767910311485"]
[EventDate "2008.09.20"]
[EventType "team-match"]
[EventRounds "2"]
[EventCountry "CAN"]
[SourceTitle "EXT 2011"]
[Source "ChessBase"]
[SourceDate "2011.11.26"]
[SourceVersion "1"]
[SourceVersionDate "2011.11.26"]
[SourceQuality "1"]

1. e4 e6 2. d4 d5 3. Nc3 Nf6 4. Bg5 Bb4 5. e5 h6 6. Bd2 Bxc3 7. bxc3 Ne4 8. Bd3 Nxd2 9. Qxd2 c5 10. f4 Qa5 11. Nf3 Nc6 12. Rb1 cxd4 13. cxd4 Qxd2+ 14. Kxd2 Na5 15. g4 g6 16. h4 h5 17. gxh5 Rxh5 18. Rbg1 Ke7 19. Rg5 Rh6 20. h5 Bd7 21. Rh4 gxh5 22. Rgxh5 Rxh5 23. Rxh5 Rc8 24. Rh7 Nc4+ 25. Kc1 Ne3 26. Ng5 Rf8 27. Kd2 Nf5 28. Bxf5 exf5 29. c4 Bc6 30. Kc3 Ke8 31. a3 dxc4 32. Kxc4 f6 33. Ne6 Rf7 34. Rxf7 Kxf7 35. Nd8+ Ke8 36. Nxc6 bxc6 1-0

[Event "Battle of Alberta"]
[Site "Red Deer CAN"]
[Date "2008.09.20"]
[Round "2"]
[White "Hughey, Micah"]
[Black "Kazmaier, Daniel"]
[Result "0-1"]
[WhiteElo "2198"]
[BlackElo "2236"]
[PlyCount "40"]
[GameId "2160767910311487"]
[EventDate "2008.09.20"]
[EventType "team-match"]
[EventRounds "2"]
[EventCountry "CAN"]
[SourceTitle "EXT 2011"]
[Source "ChessBase"]
[SourceDate "2011.11.26"]
[SourceVersion "1"]
[SourceVersionDate "2011.11.26"]
[SourceQuality "1"]

1. e4 c5 2. c3 Nf6 3. e5 Nd5 4. d4 cxd4 5. Nf3 e6 6. cxd4 d6 7. Nc3 Nc6 8. exd6 Bxd6 9. Bc4 Nxc3 10. bxc3 O-O 11. O-O e5 12. dxe5 Nxe5 13. Nxe5 Bxe5 14. Ba3 Qh4 15. g3 Qxc4 16. Bxf8 Bh3 17. Re1 Qc6 18. f3 Qb6+ 19. Kh1 Qf2 20. Rg1 Rd8 0-1

[Event "Battle of Alberta"]
[Site "Red Deer CAN"]
[Date "2008.09.20"]
[Round "2"]
[White "Kaminski, Thomas"]
[Black "Grumic, Sasha"]
[Result "1-0"]
[WhiteElo "2070"]
[BlackElo "2121"]
[PlyCount "93"]
[GameId "2160767910311488"]
[EventDate "2008.09.20"]
[EventType "team-match"]
[EventRounds "2"]
[EventCountry "CAN"]
[SourceTitle "EXT 2011"]
[Source "ChessBase"]
[SourceDate "2011.11.26"]
[SourceVersion "1"]
[SourceVersionDate "2011.11.26"]
[SourceQuality "1"]

1. d4 Nf6 2. c4 g6 3. Nc3 Bg7 4. e4 O-O 5. Nf3 d6 6. Be2 e5 7. d5 a5 8. O-O Na6 9. Nd2 Bd7 10. Qc2 Nc5 11. Nb3 Na4 12. Nd2 Nc5 13. h3 a4 14. Re1 c6 15. Nf3 cxd5 16. exd5 e4 17. Nd2 Re8 18. Nf1 b5 19. cxb5 Rc8 20. Qd1 a3 21. Ne3 Nh5 22. Nc4 e3 23. Nxe3 Qh4 24. Nc2 axb2 25. Bxb2 Be5 26. Bxh5 gxh5 27. Qf3 Bg4 28. hxg4 Qh2+ 29. Kf1 Qh1+ 30. Ke2 Bxc3+ 31. Ne3 Qh4 32. Bxc3 Ne4 33. Bd4 Nxf2 34. Rac1 Ra8 35. Rc2 Nxg4 36. Kd1 Ra3 37. Rf1 Nf2+ 38. Rfxf2 Qxd4+ 39. Rcd2 Qa1+ 40. Ke2 f5 41. Qg3+ Kh8 42. Rf3 Qc3 43. Qf4 Re4 44. Qh6 Ra8 45. Rxf5 Rg8 46. Qf6+ Qxf6 47. Rxf6 1-0

[Event "Battle of Alberta"]
[Site "Red Deer CAN"]
[Date "2008.09.20"]
[Round "2"]
[White "Karmali, Hafiz"]
[Black "Willis, Bradley"]
[Result "0-1"]
[WhiteElo "1968"]
[BlackElo "2107"]
[PlyCount "122"]
[GameId "2160767910311489"]
[EventDate "2008.09.20"]
[EventType "team-match"]
[EventRounds "2"]
[EventCountry "CAN"]
[SourceTitle "EXT 2011"]
[Source "ChessBase"]
[SourceDate "2011.11.26"]
[SourceVersion "1"]
[SourceVersionDate "2011.11.26"]
[SourceQuality "1"]

1. d4 d6 2. c4 g6 3. e4 Bg7 4. Nc3 e5 5. d5 a5 6. Nf3 Bg4 7. h3 Bxf3 8. Qxf3 Nd7 9. Be3 Ne7 10. g4 h6 11. Bd3 g5 12. h4 Ng6 13. hxg5 hxg5 14. Rxh8+ Bxh8 15. Kd2 Qf6 16. Qf5 Nh4 17. Qxf6 Bxf6 18. Na4 Be7 19. Be2 Ng2 20. Rh1 Nh4 21. f3 Nf8 22. c5 dxc5 23. Nxc5 Bxc5 24. Bxc5 Kd7 25. Rc1 Nfg6 26. Be3 f6 27. Bb5+ Kd8 28. Ke2 Nf4+ 29. Kf2 Nh3+ 30. Kg3 Nf4 31. Bxf4 exf4+ 32. Kf2 Rc8 33. Rc5 Ng6 34. Be2 Ra8 35. Rc1 Kd7 36. Rh1 Rh8 37. Rxh8 Nxh8 38. Ke1 Kd6 39. Kd2 Kc5 40. Kc3 b5 41. a3 b4+ 42. axb4+ axb4+ 43. Kb3 Nf7 44. Bf1 Ne5 45. Be2 Kd4 46. Kxb4 Ke3 47. Bd1 Nxf3 48. Kc5 Ne5 49. b4 f3 50. Bxf3 Kxf3 51. Kd4 Kxg4 52. b5 Kf3 53. d6 cxd6 54. b6 Nc6+ 55. Kd5 Na5 56. Kxd6 Nc4+ 57. Ke6 Nxb6 58. Kxf6 g4 59. e5 Nd7+ 60. Ke6 Nxe5 61. Kxe5 g3 0-1

[Event "Battle of Alberta"]
[Site "Red Deer CAN"]
[Date "2008.09.20"]
[Round "2"]
[White "Kazakevich, Anastasia"]
[Black "Daniluk, Jim"]
[Result "1-0"]
[WhiteElo "2117"]
[BlackElo "2024"]
[PlyCount "67"]
[GameId "2160767910311490"]
[EventDate "2008.09.20"]
[EventType "team-match"]
[EventRounds "2"]
[EventCountry "CAN"]
[SourceTitle "EXT 2011"]
[Source "ChessBase"]
[SourceDate "2011.11.26"]
[SourceVersion "1"]
[SourceVersionDate "2011.11.26"]
[SourceQuality "1"]

1. d4 Nf6 2. Nf3 g6 3. c4 Bg7 4. Nc3 d5 5. e3 O-O 6. Bd3 Na6 7. a3 c5 8. Qc2 cxd4 9. exd4 Be6 10. c5 Nb8 11. O-O Nc6 12. b4 Bg4 13. b5 Bxf3 14. bxc6 Be4 15. cxb7 Rb8 16. Bxe4 Nxe4 17. Nxe4 dxe4 18. Qxe4 Qxd4 19. Qxd4 Bxd4 20. Rb1 Bxc5 21. Bf4 Bd6 22. Be3 a5 23. Rb5 Rbd8 24. Rxa5 Rd7 25. Rb1 Kg7 26. Rab5 Rfd8 27. g3 Bb8 28. a4 Rd1+ 29. Rxd1 Rxd1+ 30. Kg2 f6 31. a5 Ra1 32. Rd5 Kf7 33. Bb6 Ke6 34. Rd8 1-0

[Event "Battle of Alberta"]
[Site "Red Deer CAN"]
[Date "2008.09.20"]
[Round "2"]
[White "Neven, Knut"]
[Black "Gardner, Robert"]
[Result "1-0"]
[WhiteElo "2268"]
[BlackElo "2218"]
[PlyCount "72"]
[GameId "2160767910311491"]
[EventDate "2008.09.20"]
[EventType "team-match"]
[EventRounds "2"]
[EventCountry "CAN"]
[SourceTitle "EXT 2011"]
[Source "ChessBase"]
[SourceDate "2011.11.26"]
[SourceVersion "1"]
[SourceVersionDate "2011.11.26"]
[SourceQuality "1"]

1. e4 d6 2. d4 Nf6 3. Nc3 g6 4. Nf3 Bg7 5. h3 O-O 6. Be3 a6 7. a4 Nc6 8. Be2 e5 9. d5 Ne7 10. Qd2 Bd7 11. a5 Ne8 12. Bh6 f5 13. Bxg7 Kxg7 14. Ng5 h6 15. Ne6+ Bxe6 16. dxe6 Qc8 17. Bc4 c6 18. Bb3 Qc7 19. O-O f4 20. Na4 Nf6 21. f3 g5 22. Nb6 Rad8 23. Qc3 d5 24. exd5 Nexd5 25. Qc5 Rd6 26. Rfe1 Rfd8 27. Nxd5 Nxd5 28. c4 Nf6 29. Qxe5 Qe7 30. c5 Rd2 31. Rad1 Kg6 32. Rxd2 Rxd2 33. Qc3 Rd8 34. Bc2+ Kh5 35. Bf5 Nd5 36. Qc2 Qf6 1-0

[Event "Battle of Alberta"]
[Site "Red Deer CAN"]
[Date "2008.09.20"]
[Round "2"]
[White "Pechenkin, Vladimir"]
[Black "Huber, Gregory"]
[Result "0-1"]
[WhiteElo "2313"]
[BlackElo "2339"]
[PlyCount "82"]
[GameId "2160767910311492"]
[EventDate "2008.09.20"]
[EventType "team-match"]
[EventRounds "2"]
[EventCountry "CAN"]
[SourceTitle "EXT 2011"]
[Source "ChessBase"]
[SourceDate "2011.11.26"]
[SourceVersion "1"]
[SourceVersionDate "2011.11.26"]
[SourceQuality "1"]

1. f4 c5 2. Nf3 Nc6 3. e4 g6 4. Be2 Bg7 5. O-O d6 6. Kh1 Nf6 7. d3 O-O 8. c3 c4 9. Na3 cxd3 10. Bxd3 a6 11. Qe2 b5 12. Nc2 Nd7 13. Nfd4 Bb7 14. a4 bxa4 15. Rxa4 Nc5 16. Ra3 Nxd3 17. Qxd3 Qc7 18. Ne3 Nxd4 19. cxd4 Rac8 20. Bd2 e6 21. Rc3 Qe7 22. Rxc8 Rxc8 23. Bc3 f5 24. e5 dxe5 25. dxe5 g5 26. Nc4 Rd8 27. Nd6 gxf4 28. Rxf4 Qg5 29. Qg3 Qh6 30. h3 Bd5 31. Kh2 Qg6 32. Ra4 Ra8 33. Ra5 Bc6 34. Rc5 Ba4 35. Rc7 Bh6 36. Qh4 Bb3 37. Nf7 Be3 38. Qg3 Bg1+ 39. Kxg1 Qxg3 40. Nh6+ Kh8 41. Nf7+ Kg7 0-1

[Event "Battle of Alberta"]
[Site "Red Deer CAN"]
[Date "2008.09.20"]
[Round "2"]
[White "Purewal, Sardul"]
[Black "Zhang, David"]
[Result "1/2-1/2"]
[WhiteElo "2076"]
[BlackElo "1918"]
[PlyCount "67"]
[GameId "2160767910311493"]
[EventDate "2008.09.20"]
[EventType "team-match"]
[EventRounds "2"]
[EventCountry "CAN"]
[SourceTitle "EXT 2011"]
[Source "ChessBase"]
[SourceDate "2011.11.26"]
[SourceVersion "1"]
[SourceVersionDate "2011.11.26"]
[SourceQuality "1"]

1. d4 d5 2. c4 c6 3. e3 Nf6 4. Nc3 Nbd7 5. Nf3 e6 6. Be2 Bd6 7. O-O O-O 8. Bd3 b6 9. e4 dxe4 10. Nxe4 Nxe4 11. Bxe4 Bb7 12. Bg5 Be7 13. Bxe7 Qxe7 14. Ne5 Nxe5 15. dxe5 c5 16. Qc2 Bxe4 17. Qxe4 Rad8 18. Rad1 Rd7 19. Rxd7 Qxd7 20. b3 Rd8 21. Qb1 Qd4 22. Re1 h6 23. g3 Qd2 24. Kg2 Rd4 25. h4 a6 26. Re3 b5 27. cxb5 axb5 28. h5 c4 29. bxc4 bxc4 30. Qb8+ Kh7 31. Qb7 Rd3 32. Qxf7 Rxe3 33. Qg6+ Kh8 34. Qe8+ 1/2-1/2

[Event "Battle of Alberta"]
[Site "Red Deer CAN"]
[Date "2008.09.20"]
[Round "2"]
[White "Yearwood, Roy"]
[Black "Rekhson, Vladislav"]
[Result "1-0"]
[WhiteElo "2152"]
[BlackElo "2195"]
[PlyCount "83"]
[GameId "2160767910311494"]
[EventDate "2008.09.20"]
[EventType "team-match"]
[EventRounds "2"]
[EventCountry "CAN"]
[SourceTitle "EXT 2011"]
[Source "ChessBase"]
[SourceDate "2011.11.26"]
[SourceVersion "1"]
[SourceVersionDate "2011.11.26"]
[SourceQuality "1"]

1. d4 Nf6 2. Nc3 d5 3. Bg5 Bf5 4. Nf3 e6 5. e3 Be7 6. Bd3 Bxd3 7. cxd3 O-O 8. O-O c6 9. Qb3 Qb6 10. Ne5 h6 11. Bh4 Re8 12. Rfc1 Nfd7 13. Bxe7 Nxe5 14. Qa3 Ng6 15. Na4 Qa6 16. Bd6 Nd7 17. f4 f5 18. Rc3 Kf7 19. Rf1 Ne7 20. Qb3 Nc8 21. Bc7 Ncb6 22. Nxb6 axb6 23. a3 Rac8 24. Bd6 c5 25. Rfc1 Qa5 26. Qc2 Qb5 27. b4 Rc6 28. dxc5 bxc5 29. a4 Qxb4 30. Rb1 Qa5 31. Rb5 Qa7 32. Bxc5 Nxc5 33. Rbxc5 d4 34. exd4 Rd8 35. R3c4 Rxd4 36. Qf2 Rxd3 37. Rxf5+ exf5 38. Qxa7 Rxc4 39. Qxb7+ Kg8 40. h3 Rd1+ 41. Kh2 Rxa4 42. Qb3+ 1-0

[Event "Bayview op 114th"]
[Site "Toronto CAN"]
[Date "2008.03.03"]
[Round "2"]
[White "Dobrich, Vlad (Walter)"]
[Black "Solunac, Sasha"]
[Result "1-0"]
[WhiteElo "2164"]
[BlackElo "2122"]
[PlyCount "109"]
[GameId "2160767910413347"]
[EventDate "2008.03.01"]
[EventType "tourn"]
[EventRounds "3"]
[EventCountry "CAN"]

1. e4 e6 2. d4 d5 3. Nd2 Nf6 4. e5 Nfd7 5. Nb3 c5 6. c3 Nc6 7. Nf3 Be7 8. Be2 O-O 9. O-O f6 10. exf6 Nxf6 11. dxc5 Ne4 12. Nfd4 Nxc5 13. Bg4 e5 14. Nxc5 Bxc5 15. Ne6 Bxe6 16. Bxe6+ Kh8 17. Qxd5 Qb6 18. Qd2 Rxf2 19. Rxf2 Rf8 20. b4 Bxf2+ 21. Kh1 Nxb4 22. Ba3 Be3 23. Qb2 Qxe6 24. Qxb4 Rc8 25. Qxb7 Rxc3 26. Bb2 Qc8 27. Rf1 Bf4 28. Qxa7 Rc2 29. Qa3 h6 30. Bxe5 Qg4 31. Qa8+ Kh7 32. Qe4+ Qg6 33. Qxg6+ Kxg6 34. Bxf4 Rxa2 35. h3 Kh5 36. Rb1 g5 37. Be5 Re2 38. Rb5 Kh4 39. Kh2 Kh5 40. Bc3 Rc2 41. Rc5 Re2 42. Rc6 g4 43. Rc5+ Kg6 44. hxg4 Re4 45. Kh3 Re3+ 46. Kh4 Re2 47. Rc6+ Kh7 48. Kg3 Re3+ 49. Kf4 Re2 50. Rc7+ Kg8 51. g3 Rf2+ 52. Ke4 Re2+ 53. Kf5 Ra2 54. Kg6 Ra6+ 55. Bf6 1-0

[Event "Bayview op 114th"]
[Site "Toronto CAN"]
[Date "2008.04.25"]
[Round "2"]
[White "Villalobos, Oscar"]
[Black "Chapin, Sam"]
[Result "1-0"]
[WhiteElo "1864"]
[BlackElo "1799"]
[PlyCount "35"]
[GameId "2160767910413348"]
[EventDate "2008.03.01"]
[EventType "tourn"]
[EventRounds "3"]
[EventCountry "CAN"]
[SourceTitle "EXT 2011"]
[Source "ChessBase"]
[SourceDate "2011.11.26"]
[SourceVersion "1"]
[SourceVersionDate "2011.11.26"]
[SourceQuality "1"]

1. d4 d5 2. Nf3 Nf6 3. Bf4 e6 4. Nbd2 c5 5. e3 Qb6 6. Rb1 Nc6 7. c3 Be7 8. Ne5 O-O 9. Bd3 Nd7 10. Qh5 g6 11. Qh6 Ncxe5 12. dxe5 f6 13. h4 Nxe5 14. Bxe5 fxe5 15. h5 Rf7 16. hxg6 Rg7 17. gxh7+ Kh8 18. Qxg7+ 1-0

[Event "Bayview op 114th"]
[Site "Toronto CAN"]
[Date "2008.04.06"]
[Round "3"]
[White "Dobrich, Vlad (Walter)"]
[Black "Villalobos, Oscar"]
[Result "0-1"]
[WhiteElo "2164"]
[BlackElo "1834"]
[PlyCount "68"]
[GameId "2160767910413349"]
[EventDate "2008.03.01"]
[EventType "tourn"]
[EventRounds "3"]
[EventCountry "CAN"]

1. e4 c5 2. Nc3 d6 3. g3 Nc6 4. Bg2 g6 5. f4 Bg7 6. Nf3 Rb8 7. a4 a6 8. O-O e6 9. f5 exf5 10. exf5 Bxf5 11. Nh4 Be6 12. d3 Nf6 13. Ne2 O-O 14. Nf4 Bg4 15. Bf3 Qd7 16. c3 b5 17. axb5 axb5 18. Nd5 Bxf3 19. Nxf6+ Bxf6 20. Qxf3 Bxh4 21. gxh4 Ne5 22. Qg3 Ra8 23. Bf4 Qf5 24. d4 cxd4 25. cxd4 Nd3 26. Bh6 Rxa1 27. Rxa1 Re8 28. h3 Qe4 29. Qg4 Qd5 30. Rf1 f5 31. Qg3 Qxd4+ 32. Kh1 Re2 33. Rxf5 Qe4+ 34. Rf3 Ne5 0-1

[Event "Bayview op 114th"]
[Site "Toronto CAN"]
[Date "2008.04.20"]
[Round "3"]
[White "Solunac, Sasha"]
[Black "Villalobos, Oscar"]
[Result "0-1"]
[WhiteElo "2122"]
[BlackElo "1864"]
[PlyCount "72"]
[GameId "2160767910413350"]
[EventDate "2008.03.01"]
[EventType "tourn"]
[EventRounds "3"]
[EventCountry "CAN"]
[SourceTitle "EXT 2011"]
[Source "ChessBase"]
[SourceDate "2011.11.26"]
[SourceVersion "1"]
[SourceVersionDate "2011.11.26"]
[SourceQuality "1"]

1. d4 Nf6 2. c4 g6 3. Nc3 Bg7 4. e4 d6 5. f3 O-O 6. Be3 c5 7. Bd3 Qa5 8. Qd2 Nc6 9. Nge2 Ng4 10. d5 Nxe3 11. dxc6 Nxg2+ 12. Kf2 Nh4 13. Qf4 Nxf3 14. Qxf3 f5 15. e5 bxc6 16. exd6 e5 17. Qxc6 Rb8 18. d7 Bb7 19. Qe6+ Kh8 20. Rhg1 Qd8 21. Rg3 Ba8 22. Na4 Rb7 23. Rh3 Bf6 24. Rg1 Rxd7 25. Rxg6 Bh4+ 26. Kf1 hxg6 27. Qxg6 Rg7 28. Qh6+ Rh7 29. Qe6 e4 30. Nf4 Rf6 31. Qe5 exd3 32. Rxd3 Qg8 33. b3 Rg7 34. Rh3 Rg1+ 35. Ke2 Re1+ 36. Kd2 Rxe5 0-1

[Event "Bayview op 114th"]
[Site "Toronto CAN"]
[Date "2008.03.19"]
[Round "4"]
[White "Villalobos, Oscar"]
[Black "Dobrich, Vlad (Walter)"]
[Result "0-1"]
[WhiteElo "1934"]
[BlackElo "2164"]
[PlyCount "76"]
[GameId "2160767910413351"]
[EventDate "2008.03.01"]
[EventType "tourn"]
[EventRounds "3"]
[EventCountry "CAN"]

1. d4 g6 2. e4 Bg7 3. Nc3 d6 4. Be3 f5 5. exf5 Bxf5 6. g4 Bd7 7. Be2 Nc6 8. h4 e5 9. dxe5 Nxe5 10. h5 Nf6 11. h6 Bf8 12. g5 Nfg4 13. Bd2 Be7 14. f4 O-O 15. Nh3 Nxh6 16. fxe5 Bxh3 17. Bc4+ Kh8 18. Rxh3 Bxg5 19. Bxg5 Qxg5 20. Qd4 dxe5 21. Qe3 Rf4 22. O-O-O Ng4 23. Rd7 h5 24. Qd2 Raf8 25. b3 Qf5 26. Rd8 Rf2 27. Rxf8+ Qxf8 28. Qd1 Rf4 29. Kb2 Nf2 30. Rxh5+ gxh5 31. Qxh5+ Kg7 32. Qg5+ Kh7 33. Qh5+ Qh6 34. Qxe5 Qf6 35. Qxc7+ Kh6 36. Kc1 Rh4 37. Qg3 Rh1+ 38. Kd2 Rh3 0-1

[Event "Bayview op 114th"]
[Site "Toronto CAN"]
[Date "2008.05.13"]
[Round "6"]
[White "Villalobos, Oscar"]
[Black "Solunac, Sasha"]
[Result "1-0"]
[WhiteElo "1864"]
[BlackElo "2122"]
[PlyCount "95"]
[GameId "2160767910413352"]
[EventDate "2008.03.01"]
[EventType "tourn"]
[EventRounds "3"]
[EventCountry "CAN"]
[SourceTitle "EXT 2011"]
[Source "ChessBase"]
[SourceDate "2011.11.26"]
[SourceVersion "1"]
[SourceVersionDate "2011.11.26"]
[SourceQuality "1"]

1. d4 d5 2. Nf3 e6 3. Bf4 c5 4. e3 Nc6 5. c3 Nf6 6. Nbd2 Be7 7. Ne5 Qb6 8. Rb1 O-O 9. Bd3 cxd4 10. exd4 Bd7 11. Qf3 Rac8 12. Qh3 g6 13. O-O Nxe5 14. dxe5 Nh5 15. Bh6 Rfd8 16. Nb3 Bb5 17. Be3 Qa6 18. Bxb5 Qxb5 19. Nd4 Qa5 20. Nxe6 fxe6 21. Qxe6+ Kf8 22. Bh6+ Ke8 23. Qg8+ Kd7 24. Qxh7 Qa6 25. Bg5 Qe6 26. Rbd1 Rh8 27. Qxe7+ Qxe7 28. Bxe7 Kxe7 29. Rxd5 Rhd8 30. Rfd1 Rxd5 31. Rxd5 Rd8 32. Rxd8 Kxd8 33. g3 Ke7 34. f4 Ke6 35. Kf2 g5 36. fxg5 Kxe5 37. Kf3 Ng7 38. Kg4 Nf5 39. Kh5 Ne3 40. Kg6 Ke6 41. Kh7 Ng4 42. h3 Ne5 43. g6 Nd7 44. g7 Nf6+ 45. Kg6 Ng8 46. h4 b5 47. g4 a5 48. g5 1-0

[Event "Bayview op 117th"]
[Site "Toronto CAN"]
[Date "2008.06.24"]
[Round "1"]
[White "Armstrong, Robert J"]
[Black "Abrahams, Daniel"]
[Result "0-1"]
[WhiteElo "1839"]
[BlackElo "1921"]
[PlyCount "54"]
[GameId "2160767910354511"]
[EventDate "2008.05.24"]
[EventType "tourn"]
[EventRounds "9"]
[EventCountry "CAN"]
[SourceTitle "EXT 2011"]
[Source "ChessBase"]
[SourceDate "2011.11.26"]
[SourceVersion "1"]
[SourceVersionDate "2011.11.26"]
[SourceQuality "1"]

1. d4 Nf6 2. c4 e6 3. Nf3 d5 4. e3 b6 5. Bd3 Bb7 6. O-O Bd6 7. Nc3 O-O 8. cxd5 exd5 9. b3 Nbd7 10. Bb2 Ne4 11. Rc1 Ndf6 12. Nb5 a6 13. Nxd6 Qxd6 14. Qe2 Rfe8 15. Rc2 b5 16. Ne5 Rac8 17. a3 Nd7 18. Qg4 Nef6 19. Qh3 Nf8 20. g4 Ne6 21. f4 g5 22. Rg2 Nf8 23. Be4 dxe4 24. Ng6 c5 25. d5 Qxd5 26. Bd4 cxd4 27. Rc1 Qc5 0-1

[Event "Bayview op 117th"]
[Site "Toronto CAN"]
[Date "2008.06.24"]
[Round "1"]
[White "Verde, Pino"]
[Black "Kurkowski, Ken"]
[Result "0-1"]
[WhiteElo "1754"]
[BlackElo "1733"]
[PlyCount "75"]
[GameId "2160767910354512"]
[EventDate "2008.05.24"]
[EventType "tourn"]
[EventRounds "9"]
[EventCountry "CAN"]
[SourceTitle "EXT 2011"]
[Source "ChessBase"]
[SourceDate "2011.11.26"]
[SourceVersion "1"]
[SourceVersionDate "2011.11.26"]
[SourceQuality "1"]

1. e4 e5 2. Nf3 Nc6 3. Bc4 Bc5 4. c3 Nf6 5. d4 exd4 6. cxd4 Bb4+ 7. Nc3 Nxe4 8. O-O Bxc3 9. d5 O-O 10. Qd3 Na5 11. bxc3 Nxc4 12. Qxe4 Nd6 13. Qd3 Qf6 14. Ba3 b6 15. Rfe1 Bb7 16. Re5 Rfe8 17. Bxd6 Qxd6 18. Rae1 Rxe5 19. Rxe5 h6 20. Qe4 Kf8 21. Qh7 f6 22. Qf5 Kg8 23. Re4 Qxd5 24. Qxd5+ Bxd5 25. Rd4 Bc6 26. Nh4 Re8 27. f3 Kf7 28. Kf2 a5 29. a4 Re5 30. g4 Rc5 31. c4 Bxa4 32. Nf5 Bc6 33. f4 d5 34. Ne3 dxc4 35. Nxc4 a4 36. h4 b5 37. Na3 Rc3 38. Nb1 0-1

[Event "Bayview op 117th"]
[Site "Toronto CAN"]
[Date "2008.07.01"]
[Round "2"]
[White "Kurkowski, Ken"]
[Black "Armstrong, Robert J"]
[Result "0-1"]
[WhiteElo "1733"]
[BlackElo "1839"]
[PlyCount "90"]
[GameId "2160767910354513"]
[EventDate "2008.05.24"]
[EventType "tourn"]
[EventRounds "9"]
[EventCountry "CAN"]
[SourceTitle "EXT 2011"]
[Source "ChessBase"]
[SourceDate "2011.11.26"]
[SourceVersion "1"]
[SourceVersionDate "2011.11.26"]
[SourceQuality "1"]

1. e4 g6 2. d4 Bg7 3. Nc3 d6 4. Bg5 h6 5. Bh4 Nf6 6. Qd2 c6 7. O-O-O b5 8. Bd3 Be6 9. Kb1 Qa5 10. d5 b4 11. dxe6 bxc3 12. exf7+ Kxf7 13. Qxc3 Qxc3 14. bxc3 Nbd7 15. f3 d5 16. Ne2 Rhb8+ 17. Kc1 Ne8 18. exd5 cxd5 19. Rhe1 Nc5 20. Nd4 Rb7 21. Nc6 e6 22. Ne5+ Kg8 23. Bxg6 Nd6 24. Bf2 Bxe5 25. Rxe5 Nc4 26. Bxc5 Nxe5 27. Bd3 Rab8 28. Bd6 Rb1+ 29. Kd2 Rxd1+ 30. Kxd1 Rb1+ 31. Kd2 Nxd3 32. Kxd3 Rd1+ 33. Ke2 Rc1 34. Kd2 Rg1 35. g4 Rg2+ 36. Kd3 Rf2 37. Ke3 Rxc2 38. a4 Rxc3+ 39. Ke2 Rc2+ 40. Kd3 Ra2 41. h4 Rxa4 42. Bg3 Ra3+ 43. Ke2 a5 44. g5 hxg5 45. hxg5 a4 0-1

[Event "Bayview op 117th"]
[Site "Toronto CAN"]
[Date "2008.07.08"]
[Round "2"]
[White "Jackiw, Mark"]
[Black "MacIlquham, Thomas"]
[Result "1-0"]
[WhiteElo "1583"]
[BlackElo "1163"]
[PlyCount "47"]
[GameId "2160767910354514"]
[EventDate "2008.05.24"]
[EventType "tourn"]
[EventRounds "9"]
[EventCountry "CAN"]
[SourceTitle "EXT 2011"]
[Source "ChessBase"]
[SourceDate "2011.11.26"]
[SourceVersion "1"]
[SourceVersionDate "2011.11.26"]
[SourceQuality "1"]

1. c4 f5 2. e4 fxe4 3. Nc3 Nf6 4. Qc2 d5 5. cxd5 Bf5 6. Bb5+ Nbd7 7. f3 Bg6 8. fxe4 a6 9. Bxd7+ Qxd7 10. d3 O-O-O 11. Nf3 Bh5 12. Ne5 Qd6 13. Bf4 Qc5 14. Qd2 e6 15. d4 Qb6 16. Nc4 Qa7 17. d6 h6 18. e5 Ng4 19. h3 g5 20. hxg4 Bg6 21. Be3 cxd6 22. d5 Qb8 23. Nb6+ Kc7 24. Nb5+ 1-0

[Event "Bayview op 117th"]
[Site "Toronto CAN"]
[Date "2008.07.08"]
[Round "3"]
[White "Abrahams, Daniel"]
[Black "Kurkowski, Ken"]
[Result "1-0"]
[WhiteElo "1920"]
[BlackElo "1733"]
[PlyCount "55"]
[GameId "2160767910354515"]
[EventDate "2008.05.24"]
[EventType "tourn"]
[EventRounds "9"]
[EventCountry "CAN"]
[SourceTitle "EXT 2011"]
[Source "ChessBase"]
[SourceDate "2011.11.26"]
[SourceVersion "1"]
[SourceVersionDate "2011.11.26"]
[SourceQuality "1"]

1. e4 c5 2. Nf3 g6 3. d4 cxd4 4. Nxd4 Nc6 5. Nxc6 bxc6 6. Qd4 Nf6 7. e5 Nd5 8. Bc4 Bg7 9. Bxd5 Qa5+ 10. Nc3 cxd5 11. O-O Bb7 12. Bg5 Qb6 13. Qxb6 axb6 14. Rfe1 Rd8 15. Nb5 h6 16. Nd6+ exd6 17. exd6+ Kf8 18. Bxd8 Bxb2 19. Rab1 Bd4 20. Bxb6 Bc3 21. Bd4 Bxd4 22. Rxb7 Kg7 23. Rxd7 Ra8 24. Ree7 Rxa2 25. Rxf7+ Kg8 26. g3 Rxc2 27. Rf3 Bc5 28. Rc7 1-0

[Event "Bayview op 117th"]
[Site "Toronto CAN"]
[Date "2008.07.08"]
[Round "3"]
[White "Armstrong, Robert J"]
[Black "Bell, Ian"]
[Result "1-0"]
[WhiteElo "1839"]
[BlackElo "1778"]
[PlyCount "93"]
[GameId "2160767910354516"]
[EventDate "2008.05.24"]
[EventType "tourn"]
[EventRounds "9"]
[EventCountry "CAN"]
[SourceTitle "EXT 2011"]
[Source "ChessBase"]
[SourceDate "2011.11.26"]
[SourceVersion "1"]
[SourceVersionDate "2011.11.26"]
[SourceQuality "1"]

1. d4 d5 2. c4 e6 3. e3 Nf6 4. Nf3 Bd6 5. Bd3 dxc4 6. Bxc4 Nc6 7. O-O O-O 8. Nc3 e5 9. d5 Ne7 10. e4 Bg4 11. Bg5 Nd7 12. h3 Bh5 13. g4 Bg6 14. Nh4 f6 15. Nxg6 hxg6 16. Be3 g5 17. Qf3 g6 18. Kg2 Kg7 19. Rh1 Rh8 20. Rh2 Qf8 21. Rah1 Rh4 22. Qd1 a6 23. f3 Bc5 24. Bxc5 Nxc5 25. d6 cxd6 26. Qxd6 Nc6 27. Qc7+ Qe7 28. Qxe7+ Nxe7 29. Rd1 Rc8 30. Nd5 Ne6 31. Bb3 Nxd5 32. Bxd5 Nf4+ 33. Kg3 Rd8 34. b4 Kf8 35. a4 Ke7 36. a5 Rd6 37. Rdd2 Rh8 38. Bxb7 Nd3 39. Bxa6 Nxb4 40. Rxd6 Kxd6 41. Bb7 Kc7 42. a6 Rd8 43. Rb2 Rd4 44. h4 Kb6 45. h5 Ka7 46. hxg6 Nxa6 47. Bd5 1-0